000 01680cam a22004694i 4500
003 PE-LiUPU
005 20250731165546.0
008 150625s1985 cau r 000 0 spa d
035 _a(Sirsi) a34147
035 _a(Sirsi) a34147
040 _aPE-LiUPU
_bspa
_cPE-LiUPU
_erda
082 0 4 _a225.3
_bK58
_221
100 1 _aKittel, Gerhard,
_d1888-1948,
_eeditor.,
_eautor.
245 1 0 _aTheological dictionary of the New Testament /
_cGeoffrey W. Bromiley.
264 1 _aPasadena, California :
_bW.B. Eerdmans Publishing company,
_c1985.
300 _a1356 páginas ;
_c24.5 centímetros
336 _atext
_2rdacontent
337 _aunmediated
_2rdamedia
338 _avolume
_2rdacarrier
505 0 _aTodo el abecedario griego condensado en un solo volumen.
526 _aSEG44
526 _aSEG26
526 _aP151
526 _aP150
526 _aP149
526 _aP146
526 _aP145
526 _aP126
526 _aP125
526 _aP92
526 _aP75
526 _aP74
526 _aP27
526 _aP15
630 0 4 _aBiblia.
_pN.T.
_xDiccionarios.
942 _2ddc
_cBOOK
949 _aRC 225.3 K58
_wDEWEY
_c1
_i38018
_lRC
_mBUL
_r0
_sY
_tBOOK
_u2015-6-25
_xBIBLIOTECA
_zUNKNOWN
_0COMPRA
_o.CIRCNOTE. No olvidar cambiar la fecha de devolución!!!!!!!
_o.STAFF. Colección Teología
994 _aC0
_bPEPRU
596 _a1
999 _aRC 225.3 K58
_wDEWEY
_c41972
_i38018
_d41972
_e2016-1-28
_f2021-11-8
_g6
_lCCODEBUL1
_mBUL
_n1
_p30.00
_q7
_r1
_sY
_tBOOK
_u2015-6-25
_xTEOLOGIA
_PP35
_0COMPRA
_o.CIRCNOTE. No olvidar cambiar la fecha de devolución!!!!!!!
_o.STAFF. Colección Teología
980 _81
_gALBERTO SANCHEZ Responsable de Automatización